000
00290nam a2200121Ia 4500
008
190216s9999||||xx |||||||||||||| ||und||
100
_a
"Dewett,Verma J D&Amp;Sharma M L"
245
0
_a
Indian Economics
260
_b
S Chand & Co
_c
1986
300
_a
954p
650
_a
Economics
942
_c
BK
999
_c
9236
_d
9236